Health psychology : the basics / Erica Cook and Lynne Wood. (Record no. 22303)

000 -LEADER
fixed length control field 02285nam a22001697a 4500
020 ## - INTERNATIONAL STANDARD BOOK NUMBER
ISBN 9781315447766
082 ## - DEWEY DECIMAL CLASSIFICATION NUMBER
Classification number 610. 19
Item number C771 2021
100 ## - MAIN ENTRY--AUTHOR NAME
Personal name Cook, Erica, author.
245 ## - TITLE STATEMENT
Title Health psychology : the basics / Erica Cook and Lynne Wood.
260 ## - PUBLICATION, DISTRIBUTION, ETC. (IMPRINT)
Place of publication Abingdon, Oxon ; New York, NY :
Name of publisher Routledge, Taylor & Francis Group,
Year of publication 2021.
300 ## - PHYSICAL DESCRIPTION
Number of Pages 1 online resource 258 pages :
Other physical details illustrations.
500 ## - GENERAL NOTE
General note Includes bibliographical references and index.
520 ## - SUMMARY, ETC.
Summary, etc This accessible primer on health psychology covers the key theories and models of the discipline. Through the use of real-life case studies and examples, it covers a broad range of topics related to the field of health psychology including; health promotion, risky health behaviour and health in healthcare settings. It explains how health psychology serves to not only promote positive health and reduce maladaptive health behaviours, but also support those who are chronically ill. Unlike medicine, health psychology takes a more holistic approach through the interaction of psychological, social and biological factors to improve health. This book outlines the inter-relationship between how we think and feel, our biological systems, and the social contexts in which we live. It discusses how belief and attitude can shape behavior, the pivotal role of stress, and how we can adjust to chronic illness. Drawing from experience, the authors answer important and common questions like how can we stop people from smoking? does stress really make us ill? Why don't people take their medication as prescribed? And how can we support people to adjust to a chronic health condition? It also provides a unique focus on children and adolescent health which considers how developmental changes impact health behaviours and subsequent health. It is an essential introductory text suitable for students, professionals and general readers interested in this important and emerging topic area. It also provides useful information for those interested in working in the field by providing an overview of what health psychologists do, where they work and the pathways available to become a registered Health Psychologist.
650 ## - SUBJECT ADDED ENTRY--TOPICAL TERM
Topical Term Medicine and psychology.
700 ## - ADDED ENTRY--PERSONAL NAME
Personal name Wood, Lynne, 1969-, author.
942 ## - ADDED ENTRY ELEMENTS (KOHA)
Koha item type Electronic Books
Holdings
Source of acquisition Permanent Location Date acquired Collection code Koha item type Lost status Shelving location Withdrawn status Current Location Full call number
DonationCagayan State University - Carig Library2026-04-14E-BooksElectronic Books E-Resource Section Cagayan State University - Carig Library610. 19

Cagayan State University University Library, Carig Campus
Tuguegarao City, Cagayan 3500 | www.csucarig.edu.ph

Powered by Koha